| 000 | 00000nam##2200000za#4500 |
| 001 | 9.699284 |
| 003 | CaOODSP |
| 005 | 20210625000318 |
| 007 | cr ||||||||||| |
| 008 | 150407|2014||||xxc|||||o f|0| 0 eng|d |
| 020 | |a978-1-100-23624-7 |
| 040 | |aCaOODSP|beng |
| 043 | |an-cn--- |
| 086 | 1 |aM144-254/2014E-PDF |
| 110 | 1 |aCanada.|bNatural Resources Canada. |bOffice of Energy Efficiency. |
| 245 | 10|aEnerGuide labelling instructions for appliances and room air conditioners, 2014 |h[electronic resource] |
| 260 | |aOttawa - Ontario : |bNatural Resources Canada. |cc2014. |
| 300 | |a35p.|bfigs., tables |
| 590 | |a15-02|b2015-01-09 |
| 690 | 07|aAir conditioning|2gcpds |
| 690 | 07|aElectrical appliances|2gcpds |
| 690 | 07|aEnergy efficiency|2gcpds |
| 775 | 08|tDirectives concernant l'étiquetage ÉnerGuide pour appareils ménagers et climatiseurs individuels, 2014 |w(CaOODSP)9.643260 |
| 856 | 40|ahttp://publications.gc.ca|qPDF|s1.97 MB|uhttps://publications.gc.ca/collections/collection_2015/rncan-nrcan/M144-254-2014-eng.pdf |